K možnostem fluorescenční diagnózy výživného stavu obilovin

Bibliographic Details
Main Authors: Nauš, Jan, 1948- (Author), Matoušková, Martina (Author), Fiala, Jiří (Author), Pokorný, Eduard, 1953- (Author), Flašarová, Marie (Author)
Format: Article
Language:Slovak
Czech
PhysicalDescription:Obr. 3, tab. 1, lit. 13 zázn. v angl., slov.
ISSN:0002-1830
Subjects:

MARC

LEADER 00000nab a2200000 a 4500
001 vtls000570823
003 SK-MaSNL
005 20260304233902.0
008 250425c1995 xo 0 slo
015 |a SNBRB19rr/mm-uuuuu 
035 |a CL0570961 
035 |a urn:nbn:sk:snk-abbpg8 
035 |a (urnnbn)urn:nbn:sk:snk:ar-008ji2 
035 |a (uuid)fdbc3c79-94d3-48f3-a60a-b9b6b7ece256 
040 |a SNKBUCL  |b slo  |c SNKBUCL  |e AACR2 
041 0 |a cze 
044 |a xo  |c SK 
080 |a 633.1:631.81:581.13:577.355  |2 1981 
080 |a 631.81  |2 1981 
080 |a 581.13  |2 1981 
080 |a 577.355  |2 1981 
245 0 0 |a K možnostem fluorescenční diagnózy výživného stavu obilovin  |c Jan Nauš, Martina Matoušková, Jiří Fiala, Eduard Pokorný, Marie Flašarová 
300 |b Obr. 3, tab. 1, lit. 13 zázn. v angl., slov. 
650 0 7 |a obilniny  |2 snkbucl  |9 19007 
650 0 7 |a fotosyntéza  |2 snkbucl  |9 14447 
650 0 7 |a chlorofyl  |2 snkbucl  |9 17191 
650 0 7 |a indukcia fluorescenčná  |2 snkbucl  |9 1570099 
655 7 |a články z novín a časopisov  |2 snkbucl  |9 267496 
700 1 |a Nauš, Jan,  |d 1948-  |4 aut  |9 9694 
700 1 |a Matoušková, Martina  |4 aut  |9 1570100 
700 1 |a Fiala, Jiří  |4 aut  |9 407509 
700 1 |a Pokorný, Eduard,  |d 1953-  |4 aut  |9 264644 
700 1 |a Flašarová, Marie  |4 aut  |9 1126476 
773 0 |t Agrochémia  |g Roč. 35, č. 9-10 (1995), s. 180-183  |x 0002-1830 
850 |a Slovenská národná knižnica 
852 |a Slovenská národná knižnica 
954 |a odborná, vedecká literatúra cudzojazyčná (svetová)  |2 lita 
954 |a odborná, vedecká literatúra pôvodná (slovenská)  |2 lita 
958 |a article15 
958 |a OND 
958 |a NB 
958 |a RK 
958 |a ME 
958 |a EUIPO 
992 |a RBX 
999 |c 3200701  |d 3202631